000
00303nam a22001217a 4500
082
_a
823
_b
GOV/E
100
_a
GOVT. OF KERALA
245
_a
SIET KERALA ENGINEERING ENGINEERING TOP WINNER
_b
CHEMISTRY 2006
260
_b
GOVT. OF KERALA
300
_a
1
_b
CD
520
_a
PHYSICS QUESTION BANK
942
_c
BK
999
_c
7831
_d
7831